000 00611nam a22001937a 4500
999 _c172707
_d172707
005 20200211143646.0
010 _aENG-127686
020 _c700.00
_a97881934755805
035 _aEN-111218
037 _bDBAD/PUB
082 _a583.34
100 _aSelvam,A.B
245 _aPharmacognosy of Indian Aconites/
_bby A.B.D Selvam
260 _aKolkata
_bPharmacognosy of Indian Aconites
_c2018
270 _bKolkata
_aCGO Comlex,3rd MSO Building,DF Block 5th and 6th floor, Sec1,Salt Lake
_e700064
300 _a211p.
_b23cm(hb)
500 _aincludes index
942 _2ddc
_cEN
_h583.34
_mSEL